An Introduction to film studies / (Record no. 7098)

MARC details
000 -LEADER
fixed length control field 01482cam a2200241 4500
001 - CONTROL NUMBER
control field 8228
005 - DATE AND TIME OF LATEST TRANSACTION
control field 20181127185421.0
008 - FIXED-LENGTH DATA ELEMENTS--GENERAL INFORMATION
fixed length control field 980713s1999 enka b 001 0 eng
010 ## - LIBRARY OF CONGRESS CONTROL NUMBER
LC control number 98011724
020 ## - INTERNATIONAL STANDARD BOOK NUMBER
International Standard Book Number 0415173094
International Standard Book Number 0415173108 (pbk.)
082 00 - DEWEY DECIMAL CLASSIFICATION NUMBER
Classification number 791.43
Edition number 21
100 ## - MAIN ENTRY--PERSONAL NAME
Personal name Nelmes, Jill.
Numeration
Titles and words associated with a name
Dates associated with a name
Relator term editor
Fuller form of name
245 03 - TITLE STATEMENT
Title An Introduction to film studies /
Statement of responsibility, etc. edited by Jill Nelmes.
250 ## - EDITION STATEMENT
Edition statement 2nd ed.
260 ## - PUBLICATION, DISTRIBUTION, ETC.
Place of publication, distribution, etc. London ;
-- New York :
Name of publisher, distributor, etc. Routledge,
Date of publication, distribution, etc. 1999.
300 ## - PHYSICAL DESCRIPTION
Extent xviii, 522 p. :
Other physical details ill. ;
Dimensions 26 cm.
504 ## - BIBLIOGRAPHY, ETC. NOTE
Bibliography, etc. note Includes bibliographical references (p. [501]-511) and index.
505 ## - FORMATTED CONTENTS NOTE
Formatted contents note CONTENT: Part one: Institutions, Audiences, and technology -- Cinema as an institution -- Film and technology -- Part two: Approaches to studying film texts -- Film form narrative -- The film spectators -- 6 Genre, stars, and auteur-critical approaches to Hollywood cinema -- Part three:Genre forms-Realism and illusion -- The documentary form:personal and social realities -- Animation:forms and meanings -- Part four:Representations of gender and sexuality --women and film -- lesbian and gay cinema -- Part Five:National Cinemas -- Approaches and definitions -- British film culture- a historical overview -- 199Os renaissance -- An introduction to Indian cinema -- The Soviet montage cinema of the 1920s - - New Germa cinema.
Miscellaneous information
Statement of responsibility
Title
650 #0 - SUBJECT ADDED ENTRY--TOPICAL TERM
Topical term or geographic name entry element Motion pictures.
700 1# - ADDED ENTRY--PERSONAL NAME
Personal name Nelmes, Jill,
Dates associated with a name 1954-
Holdings
Withdrawn status Lost status Source of classification or shelving scheme Damaged status Not for loan Collection code Home library Current library Shelving location Serial Enumeration / chronology Inventory number Total Checkouts Full call number Barcode Date last seen Price effective from Koha item type
    Dewey Decimal Classification     Main TEST RTC Library RTC Library Main opac 12382   791.4 NEL 30012639 27/11/2018 27/11/2018 Main
Royal Thimphu College || All Right Reserved